Liedtext von Willkommen in Duloc (Shrek, deutsch) - Statistiken

Allgemein
  • Dieses Quiz wurde 34 mal gespielt
  • Das Durchschnittsergebnis liegt bei 32 aus 48
Antwortstatistiken
% Korrekt
in
100%
in
100%
Duloc
96%
Duloc
96%
Duloc
96%
Duloc
96%
Duloc
96%
Willkommen
96%
die
88%
die
88%
die
88%
ist
84%
ist
84%
ist
84%
ist
84%
Welt
84%
Welt
84%
Welt
84%
den
76%
Es
76%
es
76%
und
76%
und
76%
und
76%
hier
68%
uns
64%
Mund
60%
putz'
60%
Schuh'
60%
unser
56%
wie
56%
gefällt
52%
gibt
52%
dieser
48%
wisch
48%
Lied
44%
sein
44%
Super
44%
Super
44%
nicht
40%
barsch
36%
Regeln
36%
brav
32%
Glied
32%
Reih'
32%
sing'n
32%
Steh'n
24%
Freundlich
20%
Keine übereinstimmenden Quizze gefunden
Verteilung der Resultate
Anzahl Personen mit jedem Resultat
Perzentil nach korrekt beantworteten Fragen
Ihre Resultats-Entwicklung
Sie haben dieses Quiz noch nicht gespielt